Score 0/20 Timer 10:00
0 Plays Today
% Correct
ichi
99.6%
san
98.8%
ni
98.3%
go
96.3%
ju
95.5%
roku
93.4%
nana
93%
hachi
91.7%
kyu
91.7%
yon
88.8%
% Correct
ni ju
80.6%
ju ni
78.1%
ju ichi
76.9%
ju san
76.4%
ju go
74.8%
ju kyu
74%
ju roku
72.7%
ju nana
72.3%
ju hachi
72.3%
ju yon
71.5%
Remove Ads.
Support Sporcle.
Get the best of Sporcle when you Go Orange. This ad-free experience offers more features, more stats, and more fun while also helping to support Sporcle. Thank you for becoming a member.

You're not logged in!

Compare scores with friends on all Sporcle quizzes.
OR
Log In

Show Comments

Extras

Created Sep 25, 2013ReportNominate
Tags:Japanese Quiz

Top Quizzes Today


Score Distribution

Your Account Isn't Verified!

In order to create a playlist on Sporcle, you need to verify the email address you used during registration. Go to your Sporcle Settings to finish the process.

Report this User

Report this user for behavior that violates our Community Guidelines.

Details: